[Event "Salamanca"]
[Site "Salamanca"]
[Date "1989.??.??"]
[Round "?"]
[White "Giorgadze, Tamaz"]
[Black "Garcia, Gildardo"]
[Result "1/2-1/2"]
[WhiteElo "2510"]
[BlackElo "2430"]
[PlyCount "28"]
[EventDate "1989.04.??"]
[Source "ChessBase"]

1. d4 Nf6 2. f4 d5 3. e3 Bf5 4. Nf3 e6 5. Be2 Be7 6. O-O O-O 7. Nbd2 c5 8. Nh4 Be4 9. Nxe4 Nxe4 10. Nf3 Nc6 11. c3 Rb8 12. a4 a6 13. Ne5 Qc7 14. Bd3 f6 1/2-1/2

[Event "Corr"]
[Site "?"]
[Date "1997.??.??"]
[Round "?"]
[White "Goodman Conrad"]
[Black "Neven Knut G"]
[Result "1/2-1/2"]
[WhiteElo "2361"]
[BlackElo "2375"]
[PlyCount "48"]
[EventDate "1997.??.??"]
[Source "www.chesslib.no"]
[SourceDate "2004.05.04"]

1. d4 Nf6 2. f4 d5 3. Nf3 g6 4. e3 Bg7 5. Bd3 O-O 6. O-O c5 7. c3 b6 8. Nbd2 Ba6 9. Bxa6 Nxa6 10. Qe2 Qc8 11. e4 dxe4 12. Nxe4 cxd4 13. Nxf6+ Bxf6 14. Nxd4 e6 15. Be3 Nc7 16. c4 Qb7 17. Rad1 Rfd8 18. Nf3 Ne8 19. Bf2 Nd6 20. Rfe1 Rac8 21. Ne5 Nf5 22. b3 h5 23. b4 Nh4 24. Bd4 Nf5 1/2-1/2

[Event "Kecskemet2"]
[Site "?"]
[Date "1991.??.??"]
[Round "9"]
[White "Andersson Bjorn"]
[Black "Ostojic Predrag"]
[Result "0-1"]
[WhiteElo "2330"]
[BlackElo "2350"]
[PlyCount "74"]
[EventDate "1991.??.??"]
[Source "www.chesslib.no"]
[SourceDate "2004.05.04"]

1. d4 Nf6 2. f4 c5 3. e3 cxd4 4. exd4 d5 5. Bd3 Nc6 6. c3 g6 7. Nf3 Bf5 8. O-O e6 9. Ne5 Bxd3 10. Qxd3 Bg7 11. b3 O-O 12. Ba3 Re8 13. Nd2 Rc8 14. Bb2 Qa5 15. Qf3 Nxd4 16. Qd3 Nc6 17. Ndf3 Ne4 18. g3 Nxe5 19. fxe5 Nxc3 20. Ng5 Rf8 21. Rf3 Bxe5 22. Rc1 Qb6+ 23. Kg2 d4 24. h4 f6 25. Nh3 Nxa2 26. Rc4 Nb4 27. Qd2 Rxc4 28. bxc4 a5 29. h5 Kg7 30. hxg6 hxg6 31. Nf2 f5 32. Bc1 Rh8 33. Qe2 Qd6 34. Ba3 Bf6 35. Nd3 e5 36. c5 Qd5 37. Bxb4 e4 0-1

[Event "Helsinki Open"]
[Site "Helsinki FIN"]
[Date "1991.??.??"]
[Round "?"]
[White "Lehtivaara, Risto"]
[Black "Raaste, Eero J"]
[Result "1-0"]
[WhiteElo "2295"]
[BlackElo "2370"]
[PlyCount "89"]
[EventDate "1991.??.??"]
[Source "www.chesslib.no"]
[SourceDate "2004.05.04"]

1. d4 Nf6 2. f4 g6 3. b3 Bg7 4. Bb2 O-O 5. Nf3 d5 6. e3 Bf5 7. Bd3 Ne4 8. Nbd2 c5 9. Ne5 Qa5 10. g4 Bxe5 11. gxf5 Bg7 12. fxg6 fxg6 13. Bxe4 dxe4 14. O-O cxd4 15. exd4 Nc6 16. c3 Bh6 17. Nxe4 Qd5 18. Qf3 Rad8 19. Qe3 e5 20. c4 Qa5 21. d5 Nd4 22. Bxd4 exd4 23. Qh3 Rde8 24. Rae1 Bg7 25. Ng5 h6 26. Ne6 Rf7 27. Qd3 Rf5 28. Re4 Bf6 29. Kg2 Qxa2+ 30. Rf2 Qa1 31. d6 Qc3 32. Qxc3 dxc3 33. d7 Rb8 34. Rc2 Kf7 35. Kf3 a5 36. Ke3 g5 37. fxg5 Bxg5+ 38. Nxg5+ hxg5 39. Rxc3 Rd8 40. Rd3 Rf6 41. Rd5 Re6 42. Rxe6 Kxe6 43. Ke4 Ke7 44. Ke5 b6 45. h3 1-0

[Event "Asia Ch"]
[Site "Dubai UAE"]
[Date "1996.??.??"]
[Round "?"]
[White "Najjar, Ahmad"]
[Black "Vakhidov, Tahir"]
[Result "0-1"]
[WhiteElo "2245"]
[BlackElo "2410"]
[PlyCount "36"]
[EventDate "1996.??.??"]
[Source "www.chesslib.no"]
[SourceDate "2004.05.04"]

1. d4 Nf6 2. f4 g6 3. Nf3 Bg7 4. e3 O-O 5. Nbd2 d6 6. Bd3 Nc6 7. O-O e5 8. c3 Qe7 9. fxe5 dxe5 10. e4 exd4 11. cxd4 Ng4 12. Nb3 a5 13. Bg5 Bf6 14. Bxf6 Qxf6 15. Qd2 a4 16. Bc4 axb3 17. Ne5 Qd6 18. Nxf7 Qxh2# 0-1

[Event "Cto. Individual Comunidad Valenciana"]
[Site "?"]
[Date "2003.09.18"]
[Round "6.3"]
[White "Carbonell Bofill Carlos"]
[Black "Garcia Roman Daniel"]
[Result "1/2-1/2"]
[WhiteElo "2286"]
[BlackElo "2356"]
[PlyCount "129"]
[EventDate "2003.??.??"]
[Source "www.chesslib.no"]
[SourceDate "2004.05.04"]

1. d4 Nf6 2. f4 g6 3. Nf3 Bg7 4. c3 b6 5. g3 Bb7 6. Bg2 O-O 7. O-O c5 8. b4 Qc7 9. a4 d6 10. Na3 a6 11. Bd2 Nbd7 12. Rc1 Ne4 13. Be1 Ndf6 14. Nc4 Rac8 15. dxc5 dxc5 16. b5 axb5 17. axb5 Rfd8 18. Qc2 Nd6 19. Nce5 Nd5 20. Bd2 Nxb5 21. e4 Nf6 22. Nxf7 Kxf7 23. Qb3+ c4 24. Qxb5 Nxe4 25. Be3 Rd3 26. Bxb6 Qd7 27. Ne5+ Bxe5 28. fxe5+ Ke8 29. Qxd7+ Rxd7 30. Bh3 Ng5 31. Bxd7+ Kxd7 32. Rfd1+ Ke6 33. Rd8 Nf3+ 34. Kf2 Nxh2 35. Rxc8 Ng4+ 36. Ke2 Bxc8 37. Bd4 Nxe5 38. Bxe5 Kxe5 39. Ke3 Bf5 40. Ra1 h5 41. Ra5+ Kf6 42. Rc5 Bd3 43. Kf4 Bf1 44. Rc6+ e6 45. Rc5 Bd3 46. g4 hxg4 47. Kxg4 Bf5+ 48. Kf3 Bd3 49. Kf4 Be2 50. Ke3 Bf1 51. Kf4 Bd3 52. Kg4 g5 53. Rxg5 Bf5+ 54. Kh4 Ke5 55. Kg3 Ke4 56. Kf2 Kd3 57. Rg3+ Kc2 58. Ke1 Bd3 59. Re3 Bf5 60. Rg3 Be4 61. Re3 Bf5 62. Rg3 Bd3 63. Re3 Kxc3 64. Rxe6 Kc2 65. Rc6 1/2-1/2

[Event "Wichern op 5th"]
[Site "?"]
[Date "1999.10.19"]
[Round "6.37"]
[White "Fraas Henning"]
[Black "Joecks Christian"]
[Result "0-1"]
[WhiteElo "2200"]
[BlackElo "2397"]
[PlyCount "104"]
[EventDate "1999.??.??"]
[Source "www.chesslib.no"]
[SourceDate "2004.05.04"]

1. d4 Nf6 2. f4 g6 3. Nf3 Bg7 4. e3 O-O 5. Bd3 d6 6. e4 c5 7. dxc5 Qa5+ 8. c3 Qxc5 9. Qe2 Nbd7 10. Be3 Qc7 11. Nbd2 e5 12. O-O-O Ng4 13. g3 Nxe3 14. Qxe3 exf4 15. gxf4 Nf6 16. Nd4 a6 17. Kb1 b5 18. Rc1 Qb6 19. Rhe1 Re8 20. Qg1 Bb7 21. Re2 Rac8 22. a3 Qc5 23. Rce1 Re7 24. e5 Nh5 25. N2b3 Qb6 26. Qg5 f6 27. exf6 Rxe2 28. Rxe2 Bxf6 29. Qg4 Rf8 30. f5 Bc8 31. Qf3 Bb7 32. Be4 Bxe4+ 33. Qxe4 g5 34. Ne6 Re8 35. Qg4 Ng7 36. Ka2 Qb7 37. Nxg7 Rxe2 38. Nh5 Qg2 39. Nxf6+ Kf7 40. Qxg2 Rxg2 41. Ne4 d5 42. Ned2 Rxh2 43. Nf3 Rg2 44. Nbd4 h5 45. Ne5+ Kf6 46. Nd7+ Ke7 47. Nb6 Kd6 48. Nc8+ Ke5 49. Ne7 Rf2 50. Nec6+ Kf6 51. Nb4 Rxf5 52. Nxf5 Kxf5 0-1

[Event "Solymar op"]
[Site "?"]
[Date "1996.??.??"]
[Round "?"]
[White "Nemeth Zoltan"]
[Black "Pesztericz Laszlo"]
[Result "1-0"]
[WhiteElo "2395"]
[BlackElo "2200"]
[PlyCount "63"]
[EventDate "1996.??.??"]
[Source "www.chesslib.no"]
[SourceDate "2004.05.04"]

1. d4 Nf6 2. f4 g6 3. Nf3 c5 4. e3 Bg7 5. c4 O-O 6. Nc3 cxd4 7. Nxd4 Nc6 8. Be2 Nxd4 9. Qxd4 d6 10. O-O Bd7 11. Qd3 Bc6 12. Bd2 a6 13. Rac1 Rc8 14. a4 Qb6 15. b4 Rfd8 16. a5 Qa7 17. Kh1 e6 18. e4 Qb8 19. Be3 d5 20. cxd5 exd5 21. e5 Ne4 22. Bb6 Nxc3 23. Rxc3 Bb5 24. Rxc8 Rxc8 25. Qd2 Bc4 26. Rd1 Bf8 27. Bg4 Re8 28. Bd7 Re7 29. Bg4 h5 30. Bf3 Rd7 31. h3 Qc8 32. g4 1-0

[Event "SWE-ch qualB"]
[Site "?"]
[Date "1998.??.??"]
[Round "?"]
[White "Hogberg Jan"]
[Black "Olsson Krister"]
[Result "1/2-1/2"]
[WhiteElo "2185"]
[BlackElo "2320"]
[PlyCount "44"]
[EventDate "1998.??.??"]
[Source "www.chesslib.no"]
[SourceDate "2004.05.04"]

1. d4 Nf6 2. f4 d6 3. Nf3 g6 4. c4 c5 5. d5 b5 6. cxb5 a6 7. bxa6 Bxa6 8. Nc3 Qa5 9. Bd2 Bg7 10. e4 O-O 11. Bxa6 Nxa6 12. O-O Nb4 13. h3 Nd3 14. Qc2 c4 15. Rab1 Nb4 16. Qc1 Nxa2 17. Nxa2 Qxa2 18. Re1 Nd7 19. Bc3 Nc5 20. Bxg7 Kxg7 21. Qc3+ Kg8 22. Nd2 Nd3 1/2-1/2

[Event "Politiken Cup"]
[Site "?"]
[Date "2005.07.19"]
[Round "5"]
[White "Peschardt Soren"]
[Black "Bae Torstein"]
[Result "1-0"]
[WhiteElo "2181"]
[BlackElo "2316"]
[PlyCount "67"]
[EventDate "2005.??.??"]
[Source "www.chesslib.no"]
[SourceDate "2004.05.04"]

1. d4 Nf6 2. f4 c5 3. c3 g6 4. Nf3 Bg7 5. e3 O-O 6. Bd3 d6 7. O-O Nc6 8. Nbd2 e5 9. Bc4 d5 10. Bb5 cxd4 11. cxd4 e4 12. Ne1 Nxd4 13. exd4 Qb6 14. Be2 Qxd4+ 15. Kh1 e3 16. Nc2 Qb6 17. Nb3 Re8 18. Nbd4 Ng4 19. Bxg4 Bxg4 20. Qxg4 Bxd4 21. f5 Re4 22. Qe2 Rae8 23. a4 Bh8 24. Ne1 d4 25. Ra3 Be5 26. Nf3 Bb8 27. fxg6 hxg6 28. Rd3 Qd6 29. g3 a6 30. b3 Ba7 31. Bb2 Qd5 32. Kg1 Kf8 33. Rfd1 Rd8 34. Bxd4 1-0

[Event "HUN-chT3 0102"]
[Site "?"]
[Date "2002.01.13"]
[Round "5.2"]
[White "Horvath Csaba2"]
[Black "Horvath Gabor"]
[Result "0-1"]
[WhiteElo "2179"]
[BlackElo "2305"]
[PlyCount "78"]
[EventDate "2002.??.??"]
[Source "www.chesslib.no"]
[SourceDate "2004.05.04"]

1. d4 Nf6 2. f4 c5 3. c3 d5 4. Nf3 e6 5. e3 Be7 6. Bd3 O-O 7. O-O b6 8. Qe2 Bb7 9. Ne5 Qc8 10. Bd2 Ba6 11. b4 Bxd3 12. Qxd3 c4 13. Qc2 a5 14. b5 a4 15. Bc1 a3 16. Nd2 Ra5 17. Rb1 Qe8 18. Re1 Rxb5 19. g4 Rxb1 20. Nxb1 Ne4 21. Nxc4 f5 22. Ncd2 Nxd2 23. Qxd2 fxg4 24. Bxa3 Bxa3 25. Nxa3 Nd7 26. c4 Qe7 27. cxd5 Qxa3 28. dxe6 Nf6 29. e4 g3 30. h3 Qf3 31. Qe3 Qxe3+ 32. Rxe3 Nh5 33. f5 Nf4 34. e5 Rc8 35. Rf3 Rc1+ 36. Rf1 Nxh3+ 37. Kg2 Rxf1 38. Kxf1 Nf4 39. d5 Kf8 0-1

[Event "Santa Olaya op"]
[Site "?"]
[Date "1998.??.??"]
[Round "7"]
[White "Garcia Moreno Jose Antonio"]
[Black "Pascual Arevalo Antonio Ruben"]
[Result "1/2-1/2"]
[WhiteElo "2110"]
[BlackElo "2305"]
[PlyCount "102"]
[EventDate "1998.??.??"]
[Source "www.chesslib.no"]
[SourceDate "2004.05.04"]

1. d4 Nf6 2. f4 g6 3. Nf3 Bg7 4. e3 O-O 5. Be2 d6 6. b3 Ne4 7. Bb2 c5 8. O-O Nd7 9. Nbd2 Ndf6 10. Nxe4 Nxe4 11. Nd2 Nxd2 12. Qxd2 cxd4 13. exd4 Bf5 14. Bd3 Bxd3 15. Qxd3 e6 16. c4 Qb6 17. Rf2 Rac8 18. Rd1 Qa6 19. d5 Bxb2 20. Rxb2 Qb6+ 21. Qd4 Qxd4+ 22. Rxd4 exd5 23. Rxd5 Rfd8 24. Rbd2 Rc6 25. c5 Kg7 26. Kf2 Kf6 27. cxd6 Ke6 28. Re5+ Kf6 29. d7 Rc7 30. Rd6+ Kg7 31. Red5 Kf8 32. Ke3 Ke7 33. Ke4 Rcxd7 34. Rxd7+ Rxd7 35. Rxd7+ Kxd7 36. Kd5 f6 37. b4 Ke7 38. a4 Kd7 39. a5 a6 40. Kc5 h5 41. Kb6 Kc8 42. h4 Kb8 43. b5 axb5 44. Kxb5 Ka7 45. g3 f5 46. Kc5 Ka6 47. Kb4 b5 48. axb6 Kxb6 49. Kc4 Kc6 50. Kd4 Kd6 51. Kc4 Kc6 1/2-1/2

[Event "Verbandsliga Sued Baden 9899"]
[Site "?"]
[Date "1998.10.11"]
[Round "1.2"]
[White "Voneschen Jan"]
[Black "Ketterer Christian"]
[Result "0-1"]
[WhiteElo "2160"]
[BlackElo "2255"]
[PlyCount "80"]
[EventDate "1998.??.??"]
[Source "www.chesslib.no"]
[SourceDate "2004.05.04"]

1. d4 Nf6 2. f4 d5 3. Nf3 Bf5 4. e3 e6 5. Bd3 Be7 6. O-O O-O 7. Ne5 Bxd3 8. Qxd3 c5 9. Nd2 Nc6 10. c3 Rc8 11. b3 a6 12. Bb2 Qb6 13. Rae1 Rc7 14. Kh1 Bd6 15. Rf3 Rfc8 16. Rh3 g6 17. Qe2 Qa5 18. a3 Qb6 19. Qf2 Be7 20. Rg1 cxd4 21. exd4 Na5 22. b4 Nc6 23. g4 a5 24. g5 Nh5 25. Nf1 axb4 26. axb4 Nxe5 27. fxe5 Bxb4 28. Rf3 Bxc3 29. Bxc3 Rxc3 30. Rxf7 Rc2 31. Qf3 Qxd4 32. Ne3 R2c7 33. Ng4 Rxf7 34. Nh6+ Kh8 35. Nxf7+ Kg7 36. Nd6 Rf8 37. Qb3 Qxe5 38. Qxb7+ Kg8 39. Qe7 d4 40. Rd1 Nf4 0-1

[Event "2. Brazilian City Cup"]
[Site "?"]
[Date "1998.05.26"]
[Round "7"]
[White "Silveira Marcos"]
[Black "Borges Leomar B"]
[Result "1-0"]
[WhiteElo "2180"]
[BlackElo "2215"]
[PlyCount "105"]
[EventDate "1998.??.??"]
[Source "www.chesslib.no"]
[SourceDate "2004.05.04"]

1. d4 Nf6 2. f4 d5 3. Nf3 Bg4 4. e3 e6 5. Be2 Nbd7 6. O-O c6 7. Bd2 Qb6 8. Nc3 Be7 9. a3 O-O 10. Be1 Ne4 11. Nxe4 dxe4 12. Ng5 Bxe2 13. Qxe2 Qxb2 14. Bb4 Bxb4 15. Rfb1 Qxa1 16. Rxa1 Be7 17. Nxe4 f5 18. Qc4 Kf7 19. Nd2 Nb6 20. Qb3 Rab8 21. Nf3 Bf6 22. a4 Rfd8 23. Rd1 Nc8 24. c4 Ne7 25. h3 Rd7 26. Ne5+ Bxe5 27. dxe5 Rbd8 28. Rd6 Nc8 29. c5 Nxd6 30. cxd6 b6 31. e4 g6 32. exf5 gxf5 33. Qd1 Kg8 34. Qh5 Rg7 35. Kf2 Rf8 36. Kf3 b5 37. axb5 cxb5 38. g4 Rgf7 39. gxf5 Rxf5 40. Qg4+ Kh8 41. d7 Rxe5 42. d8=Q Rxd8 43. fxe5 Rf8+ 44. Ke4 Rf5 45. Qg1 Rh5 46. Qf2 Rf5 47. Qxa7 Rf1 48. Qb8+ Kg7 49. Qxb5 Re1+ 50. Kf4 Rd1 51. Qb7+ Kg6 52. Qe7 Rf1+ 53. Kg3 1-0

[Event "Dortmund women"]
[Site "Dortmund GER"]
[Date "1989.??.??"]
[Round "1"]
[White "Lebel-Arias, Julia"]
[Black "Erenska-Barlo, Hanna"]
[Result "1-0"]
[WhiteElo "2085"]
[BlackElo "2285"]
[PlyCount "133"]
[EventDate "1989.03.??"]
[Source "www.chesslib.no"]
[SourceDate "2004.05.04"]

1. d4 Nf6 2. f4 g6 3. e3 c5 4. Nf3 Bg7 5. Be2 O-O 6. O-O d6 7. c4 Qb6 8. Nc3 cxd4 9. Nxd4 Nc6 10. Na4 Qc7 11. Nb5 Qd8 12. Bf3 Bd7 13. Nac3 a6 14. Nd4 Qb6 15. Kh1 Rac8 16. Na4 Qc7 17. c5 Nxd4 18. exd4 Bb5 19. Re1 dxc5 20. Nxc5 b6 21. Nd3 Rfd8 22. Ne5 Qc2 23. d5 Qxd1 24. Rxd1 Nd7 25. Nc6 Re8 26. Na7 Ba4 27. Re1 Rc7 28. Nc6 Nc5 29. Be3 Bxb2 30. Rab1 Nd3 31. Re2 e6 32. Bxb6 Rd7 33. Rbxb2 Nxb2 34. Rxb2 exd5 35. Ne5 Rde7 36. Bd4 f6 37. Nd3 Bb5 38. Rd2 Bc4 39. h3 Kf7 40. Nc5 Rc8 41. Kh2 Kg7 42. Rb2 Rcc7 43. a4 h5 44. f5 h4 45. fxg6 Kxg6 46. Rb8 Rc6 47. a5 Rec7 48. Na4 Rc8 49. Rb6 Ba2 50. Nb2 Kf7 51. Nd3 Bc4 52. Nf4 Rxb6 53. axb6 Rd8 54. Bg4 a5 55. b7 Rb8 56. Bc8 Ba6 57. Ba7 Rxb7 58. Bxb7 Bxb7 59. Bd4 f5 60. g3 hxg3+ 61. Kxg3 a4 62. h4 Kg8 63. h5 Kh7 64. Kh4 a3 65. Ne6 f4 66. Ng5+ Kg8 67. h6 1-0

[Event "HUN-chT2 0102"]
[Site "?"]
[Date "2002.01.13"]
[Round "5"]
[White "Fekete Janos"]
[Black "Centgraf Jozsef"]
[Result "0-1"]
[WhiteElo "2109"]
[BlackElo "2256"]
[PlyCount "90"]
[EventDate "2002.??.??"]
[Source "www.chesslib.no"]
[SourceDate "2004.05.04"]

1. d4 Nf6 2. f4 c5 3. e3 d5 4. c3 Bf5 5. Bd3 Bxd3 6. Qxd3 e6 7. Nf3 Nc6 8. O-O Bd6 9. Ne5 O-O 10. Nd2 Qc7 11. Rf3 Rac8 12. Rh3 g6 13. Qe2 Ne4 14. Nxe4 dxe4 15. Bd2 f6 16. Nc4 Be7 17. Na3 Qd7 18. g4 Rcd8 19. Rf1 f5 20. Kh1 a6 21. Nc2 b5 22. Be1 Qd5 23. b3 c4 24. b4 Ra8 25. Rg1 Kh8 26. Qg2 Rg8 27. Bh4 Bxh4 28. Rxh4 Ra7 29. Rh3 Rag7 30. Rg3 Ne7 31. g5 Qb7 32. h4 Nd5 33. Qd2 Qf7 34. a3 Qe7 35. Kg2 Ra8 36. Rh3 Ra7 37. Rhh1 Qe8 38. Kf2 Qa8 39. Ke2 a5 40. Rb1 axb4 41. axb4 Ra2 42. Rhc1 Rga7 43. Qe1 R7a3 44. Kd1 Nxc3+ 45. Kd2 Nd5 0-1

[Event "Budapest HUN"]
[Site "?"]
[Date "2002.??.??"]
[Round "8"]
[White "Fulop Csaba"]
[Black "Werner Daniel"]
[Result "0-1"]
[WhiteElo "2155"]
[BlackElo "2150"]
[PlyCount "116"]
[EventDate "2002.??.??"]
[Source "www.chesslib.no"]
[SourceDate "2004.05.04"]

1. d4 Nf6 2. f4 g6 3. e3 Bg7 4. Bd3 d6 5. Nf3 Nbd7 6. O-O O-O 7. e4 e5 8. c3 Re8 9. Qc2 b6 10. fxe5 dxe5 11. Bg5 h6 12. Bh4 g5 13. Bg3 Nh5 14. Bc4 Nxg3 15. Bxf7+ Kxf7 16. Nxe5+ Kg8 17. Nc6 Rf8 18. Rxf8+ Qxf8 19. hxg3 Qd6 20. Nb4 Qxg3 21. Nd2 Nf6 22. Qd3 Qxd3 23. Nxd3 Bb7 24. d5 Re8 25. Re1 Ng4 26. Nf3 Ne5 27. Nfxe5 Bxe5 28. c4 Bc8 29. Kf2 Bg4 30. Ke3 Bh5 31. Nxe5 Rxe5 32. Kd4 Re7 33. b4 Rf7 34. Rh1 Bg6 35. Rxh6 Kg7 36. Rh3 Rf4 37. Re3 Kf6 38. c5 a5 39. cxb6 cxb6 40. bxa5 bxa5 41. g3 Rg4 42. d6 Ke6 43. d7 Kxd7 44. Kd5 a4 45. a3 Bh7 46. Ke5 Kc6 47. Rc3+ Kb5 48. Rc8 Bxe4 49. Rb8+ Kc5 50. Rc8+ Bc6 51. Rg8 Rxg3 52. Kf5 Bd7+ 53. Ke4 g4 54. Rg7 Kd6 55. Kd4 Rxa3 56. Kc4 Rb3 57. Rg5 Be6+ 58. Kd4 a3 0-1

[Event "HUN-chT2 0203 Maroczy"]
[Site "?"]
[Date "2002.09.22"]
[Round "1"]
[White "Fekete Janos"]
[Black "Nagy Mihaly"]
[Result "0-1"]
[WhiteElo "2114"]
[BlackElo "2170"]
[PlyCount "54"]
[EventDate "2002.??.??"]
[Source "www.chesslib.no"]
[SourceDate "2004.05.04"]

1. d4 Nf6 2. f4 g6 3. e3 Bg7 4. Nf3 O-O 5. Bd3 d6 6. O-O Nc6 7. c3 e5 8. Qc2 Qe7 9. e4 exd4 10. Nxd4 Bd7 11. Nf3 Rae8 12. Re1 Ng4 13. b3 Nb4 14. Qd2 Nxd3 15. Qxd3 Bc6 16. h3 Nf6 17. e5 Bxf3 18. Qxf3 dxe5 19. Ba3 c5 20. Qe3 b6 21. fxe5 Nd5 22. Qf3 Bxe5 23. Rd1 Ne3 24. Rd2 Qh4 25. Re2 Nc2 26. g3 Qxh3 27. Rxc2 Bd4+ 0-1

[Event "HUN-chT2 9899"]
[Site "?"]
[Date "1999.??.??"]
[Round "?"]
[White "Fekete Janos"]
[Black "Juhasz Bela"]
[Result "0-1"]
[WhiteElo "2055"]
[BlackElo "2220"]
[PlyCount "130"]
[EventDate "1999.??.??"]
[Source "www.chesslib.no"]
[SourceDate "2004.05.04"]

1. d4 Nf6 2. f4 c5 3. e3 g6 4. Nf3 Bg7 5. c3 b6 6. Bd3 O-O 7. O-O Ba6 8. Qe2 Qc8 9. Nbd2 Bxd3 10. Qxd3 Qa6 11. Qc2 Rc8 12. Ne4 cxd4 13. exd4 Nc6 14. Nxf6+ Bxf6 15. Qe4 Na5 16. a3 d6 17. f5 Nb3 18. fxg6 hxg6 19. Rb1 Nxc1 20. Rbxc1 Qb5 21. Rf2 a5 22. Rcf1 Ra7 23. g4 Rf8 24. h4 Rc7 25. g5 Bg7 26. Nh2 Qc6 27. Qe3 Qd5 28. Ng4 e5 29. dxe5 dxe5 30. Qxb6 Rc4 31. Ne3 Qc5 32. Nxc4 Qxc4 33. Qxa5 Qxh4 34. Qd5 Qxg5+ 35. Rg2 Qe3+ 36. Rgf2 Qg5+ 37. Rg2 Qe3+ 38. Kh1 Qh3+ 39. Kg1 Qe3+ 40. Kh1 Qh3+ 41. Kg1 Qe3+ 42. Rgf2 Bh6 43. Qf3 f5 44. Kh1 Qxf3+ 45. Rxf3 e4 46. Rh3 Bd2 47. Rh2 e3 48. Rd1 Rd8 49. Re2 f4 50. Kg2 Kg7 51. Kf3 g5 52. a4 Kf6 53. a5 Kf5 54. Rg2 Rh8 55. Rdxd2 exd2 56. Rxd2 g4+ 57. Kg2 f3+ 58. Kg1 g3 59. b4 Ke4 60. Rd1 Ke3 61. a6 Ke2 62. Ra1 g2 63. Ra2+ Kd3 64. Rxg2 fxg2 65. b5 Ra8 0-1

[Event "Wch Seniors women"]
[Site "Bad Wildbad GER"]
[Date "1993.??.??"]
[Round "4"]
[White "Ritova, Merike"]
[Black "Zatulovskaya, Tatiana Y"]
[Result "1/2-1/2"]
[WhiteElo "2095"]
[BlackElo "2160"]
[PlyCount "83"]
[EventDate "1993.11.??"]
[Source "www.chesslib.no"]
[SourceDate "2004.05.04"]

1. d4 Nf6 2. f4 d5 3. e3 g6 4. Nf3 Bg7 5. c3 Bf5 6. Bd3 c6 7. O-O e6 8. Ne5 Nbd7 9. Qe2 Bxd3 10. Qxd3 Ne4 11. Nd2 Nxd2 12. Bxd2 Nf6 13. c4 O-O 14. c5 Ne4 15. Be1 f6 16. Nf3 Qe7 17. Nd2 f5 18. Nf3 h6 19. Bh4 g5 20. Bg3 Kh7 21. Rad1 Bf6 22. Qe2 g4 23. Nd2 h5 24. Nxe4 dxe4 25. Qc4 Qd7 26. Qb3 Rab8 27. Qa4 Kg6 28. b4 b5 29. Qc2 a5 30. bxa5 Ra8 31. Be1 Bd8 32. a4 bxa4 33. Qxa4 Ra6 34. Rb1 Qe8 35. Bc3 Rf7 36. Rfd1 Rfa7 37. d5 exd5 38. Qd4 Qe6 39. Qh8 Bf6 40. Bxf6 Qxf6 41. Qe8+ Qf7 42. Qd8 1/2-1/2

[Event "HUN-chT2 9900"]
[Site "?"]
[Date "1999.11.21"]
[Round "5"]
[White "Fekete Janos"]
[Black "Pasztor Ferenc"]
[Result "1/2-1/2"]
[WhiteElo "2117"]
[BlackElo "2135"]
[PlyCount "48"]
[EventDate "1999.??.??"]
[Source "www.chesslib.no"]
[SourceDate "2004.05.04"]

1. d4 Nf6 2. f4 g6 3. Nf3 Bg7 4. e3 O-O 5. c3 d6 6. Bd3 Nbd7 7. O-O c5 8. Nbd2 e5 9. f5 Re8 10. fxg6 hxg6 11. Qc2 exd4 12. exd4 cxd4 13. Nxd4 Ne5 14. N2f3 Nxd3 15. Qxd3 Qb6 16. Kh1 Ng4 17. h3 Ne5 18. Qc2 Nxf3 19. Nxf3 Bf5 20. Qf2 Qxf2 21. Rxf2 d5 22. Bg5 Be4 23. Rd1 Rac8 24. Nd4 Bxd4 1/2-1/2

[Event "SWE-ch qualB"]
[Site "?"]
[Date "1998.??.??"]
[Round "?"]
[White "Hogberg Jan"]
[Black "Ask Josef"]
[Result "1/2-1/2"]
[WhiteElo "2185"]
[BlackElo "2060"]
[PlyCount "105"]
[EventDate "1998.??.??"]
[Source "www.chesslib.no"]
[SourceDate "2004.05.04"]

1. d4 Nf6 2. f4 g6 3. Nf3 Bg7 4. e3 O-O 5. c4 c5 6. Nc3 d6 7. Be2 cxd4 8. exd4 Nc6 9. h3 Qb6 10. d5 Nb8 11. Qb3 Qxb3 12. axb3 Na6 13. Be3 Nd7 14. O-O Ndc5 15. Bxc5 Nxc5 16. b4 Na6 17. b5 Nc5 18. Ra3 Bf5 19. g4 Bd3 20. b4 Bxc3 21. Rxc3 Bxe2 22. bxc5 Bxf1 23. c6 Bxh3 24. Nh2 bxc6 25. dxc6 Rfd8 26. Rxh3 d5 27. c5 d4 28. b6 axb6 29. cxb6 Ra1+ 30. Nf1 Rc1 31. c7 Rf8 32. Rb3 Kg7 33. Kf2 Rc2+ 34. Ke1 Rc8 35. Kd1 R2xc7 36. bxc7 Rxc7 37. Rb4 Rd7 38. Ng3 f6 39. Kd2 e5 40. fxe5 fxe5 41. Rb5 Ra7 42. Rxe5 Ra2+ 43. Kd1 Rg2 44. Ne2 Rxg4 45. Rd5 Kf6 46. Rxd4 Rg2 47. Ke1 h5 48. Kf1 Rh2 49. Rf4+ Ke5 50. Rf2 Rh1+ 51. Kg2 Ra1 52. Nf4 Ra6 53. Nxh5 1/2-1/2

[Event "Budapest HUN"]
[Site "?"]
[Date "2002.??.??"]
[Round "2"]
[White "Fulop Csaba"]
[Black "Sebrek Janos"]
[Result "1-0"]
[WhiteElo "2155"]
[BlackElo "2070"]
[PlyCount "97"]
[EventDate "2002.??.??"]
[Source "www.chesslib.no"]
[SourceDate "2004.05.04"]

1. d4 Nf6 2. f4 d6 3. Nf3 Bg4 4. e3 Nbd7 5. Bc4 e6 6. Nbd2 c5 7. c3 cxd4 8. exd4 Be7 9. O-O O-O 10. Qb3 Qb6 11. Re1 Qxb3 12. axb3 Rfe8 13. Bd3 Bd8 14. h3 Bxf3 15. Nxf3 Bb6 16. Kf1 Rad8 17. g3 a6 18. Bc2 Bc7 19. c4 a5 20. Bd2 b6 21. b4 Ra8 22. Ba4 Rec8 23. Bc6 Ra7 24. Ra2 Bd8 25. Bb5 Nb8 26. Rea1 Ne4 27. Be1 Nc6 28. bxa5 bxa5 29. b4 Bf6 30. Rd1 axb4 31. Bxc6 Nxg3+ 32. Bxg3 Rxa2 33. Bb5 b3 34. Nd2 b2 35. Nb1 Ra1 36. Bf2 Rca8 37. Ke2 e5 38. fxe5 dxe5 39. d5 e4 40. Kd2 Rb8 41. Kc2 Rd8 42. d6 h6 43. d7 Rb8 44. Bd4 Bxd4 45. Rxd4 Rd8 46. Rxe4 Raa8 47. Re8+ Kh7 48. c5 Rab8 49. Rxd8 1-0

[Event "HUN-chT2 9900"]
[Site "?"]
[Date "2000.02.27"]
[Round "8"]
[White "Fekete Janos"]
[Black "Korpas Zoltan"]
[Result "1/2-1/2"]
[WhiteElo "2117"]
[BlackElo "2095"]
[PlyCount "68"]
[EventDate "2000.??.??"]
[Source "www.chesslib.no"]
[SourceDate "2004.05.04"]

1. d4 Nf6 2. f4 d5 3. Nf3 e6 4. e3 c5 5. c3 Be7 6. Bd3 c4 7. Bc2 b5 8. a3 Ne4 9. O-O f5 10. Nbd2 Nd7 11. Ne5 Nxe5 12. fxe5 O-O 13. Qh5 Bd7 14. g4 g6 15. Qh3 a5 16. Nxe4 fxe4 17. Bd2 Rb8 18. Rxf8+ Qxf8 19. Qg3 Qh6 20. Rf1 Rf8 21. Rxf8+ Kxf8 22. Qf4+ Kg7 23. Qxh6+ Kxh6 24. Be1 Bg5 25. Bf2 Be7 26. Be1 g5 27. Kf1 Kg7 28. Bd1 Kf7 29. Bd2 Ke8 30. Ke1 Kd8 31. h3 Kc7 32. Bc1 Kb6 33. Kd2 b4 34. Ke1 b3 1/2-1/2

[Event "POL-chT U20 2nd div North"]
[Site "?"]
[Date "2000.??.??"]
[Round "5"]
[White "Urbanek Marcin"]
[Black "Szymanski Piotr"]
[Result "1-0"]
[WhiteElo "2116"]
[BlackElo "2086"]
[PlyCount "51"]
[EventDate "2000.??.??"]
[Source "www.chesslib.no"]
[SourceDate "2004.05.04"]

1. d4 Nf6 2. f4 g6 3. Nf3 Bg7 4. e3 O-O 5. Bd3 d6 6. O-O Nbd7 7. c3 Re8 8. Qb3 c5 9. Nbd2 a6 10. a4 b6 11. e4 cxd4 12. cxd4 Nh5 13. Nc4 d5 14. Nce5 Ndf6 15. Ng5 Rf8 16. exd5 Nxd5 17. Nc6 Qe8 18. Qxd5 h6 19. Nxf7 Nf6 20. Nxh6+ Kh7 21. Qf3 Bxh6 22. Ne5 Bf5 23. g4 Bxd3 24. Qxd3 Nd7 25. f5 Bxc1 26. Raxc1 1-0

[Event "Nyiregyhaza Open"]
[Site "Nyiregyhaza"]
[Date "1994.??.??"]
[Round "?"]
[White "Maraczi, Erno"]
[Black "Kun, Sandor2"]
[Result "1-0"]
[WhiteElo "2125"]
[BlackElo "2075"]
[PlyCount "55"]
[EventDate "1994.??.??"]
[Source "www.chesslib.no"]
[SourceDate "2004.05.04"]

1. d4 Nf6 2. f4 c5 3. e3 g6 4. Bd3 Bg7 5. Nf3 O-O 6. O-O d6 7. c3 Bg4 8. h3 Bf5 9. Re1 Bxd3 10. Qxd3 cxd4 11. exd4 e6 12. Nfd2 Nc6 13. b3 Nd5 14. Ne4 Qb6 15. Kh1 Rad8 16. Ba3 Nce7 17. c4 Nxf4 18. Qd2 e5 19. Nxd6 Rxd6 20. c5 Qa6 21. cxd6 Nf5 22. dxe5 h6 23. Qb4 Nd3 24. Qa4 Qb6 25. Bc1 Nxe1 26. Bxh6 Nf3 27. Qg4 Qf2 28. Qxf3 1-0